| 000 -ლიდერი |
| ფიქსირებული სიგრძის საკონტროლო ველი |
01167nam a2200277Ia 4500 |
| 001 - საკონტროლო ნომერი |
| საკონტროლო ველი |
3923 |
| 003 - საკონტროლო ნომრის იდენტიფიკატორი |
| საკონტროლო ველი |
GE_BSU |
| 005 - ბოლო ოპერაციის თარიღი და დრო |
| საკონტროლო ველი |
20190916113400.0 |
| 008 - ფიქსირებული სიგრძის მონაცემთა ელემენტები - ზოგადი ინფორმაცია |
| ფიქსირებული სიგრძის საკონტროლო ველი |
181216s1973||||ge |||||||||||||| ||geo|| |
| 040 ## - კატალოგიზაციის წყარო |
| Transcribing agency |
GE_BSU |
| 041 ## - ენის კოდი |
| Language code of text/sound track or separate title |
geo |
| 080 ## - უნივერსალური ათობითი კლასიფიკაციის ინდექსი |
| Universal Decimal Classification number |
1(061) ნ–99 |
| 100 ## - მთავარი ჩანაწერი - პიროვნების სახელი |
| Personal name |
ნუცუბიძე, შალვა |
| 9 (RLIN) |
3684 |
| 245 ## - ცნობა სათაურის შესახებ |
| Title |
შრომები : |
| Remainder of title |
ტ. 1 : ბოლცანო და მეცნიერების თეორია. ალეთოლოგიის საფუძვლები / |
| Statement of responsibility, etc |
ტომის რედ. შალვა ხიდაშელი. |
| 264 ## - წარმოების, გამოცემის, დისტრიბუციის და სხვა ცნობები |
| გამოცემის, წარმოების, დისტრიბუციის... ადგილი |
თბ. : |
| გამოცემის, წარმოების, დისტრიბუციის... სახელწოდება |
მეცნიერება, |
| გამოცემის, წარმოების, დისტრიბუციის... თარიღი |
1973. |
| 300 ## - ფიზიკური აღწერა |
| Extent |
386 გვ. ; |
| Other physical details |
22 სმ. |
| 501 ## - შენიშვნა თანმხლებ მასალაზე |
| With note |
პირთა საძიებელი: გვ. 383-385. |
| 653 ## - INDEX TERM--UNCONTROLLED |
| Uncontrolled term |
ბოლცანო, ბერნარდ |
| 653 ## - INDEX TERM--UNCONTROLLED |
| Uncontrolled term |
ალეთოლოგია |
| 653 ## - INDEX TERM--UNCONTROLLED |
| Uncontrolled term |
მეცნიერების თეორია |
| 653 ## - INDEX TERM--UNCONTROLLED |
| Uncontrolled term |
ჭეშმარიტება |
| 653 ## - INDEX TERM--UNCONTROLLED |
| Uncontrolled term |
მსჯელობა |
| 700 ## - ADDED ENTRY--PERSONAL NAME |
| Personal name |
ხიდაშელი, შ. |
| Relator term |
რედაქტორი |
| 9 (RLIN) |
3726 |
| 942 ## - ADDED ENTRY ELEMENTS (KOHA) |
| Koha item type |
წიგნი |
| Source of classification or shelving scheme |
|